| 000 | 00000nas 2200000za 4500 |
| 001 | 9.503305 |
| 003 | CaOODSP |
| 005 | 20240624082203 |
| 007 | cr ||||||||||| |
| 008 | 150406d20072016oncar p o f0 a0fre|d |
| 040 | |aCaOODSP|bfre |
| 043 | |an-cn--- |
| 086 | 1 |aCP1-4F-PDF|zCP1-4/2010F-PDF |
| 245 | 00|a... rapport du Comité consultatif sur la fonction publique nommé par le Premier ministre |h[ressource électronique]. |
| 246 | 13|aProgrès concernant le renouvellement de la fonction publique depuis le dépôt du rapport de 2007|f2008 |
| 260 | |a[Ottawa] : |bComité consultatif sur la fonction publique nommé par le Premier ministre, |c[2007-2016]. |
| 310 | |aAnnuel |
| 362 | 1 |aParaît depuis : 1er rapport (2007); ne paraît plus après [9e (2016)]. |
| 500 | |aPubl. aussi en anglais sous le titre : Report to the Prime Minister. |
| 500 | |aLes numéros ont des titres distincts. |
| 692 | 07|2gccst|aFonction publique |
| 710 | 1 |aCanada. |bBureau du Conseil privé. |
| 710 | 1 |aCanada. |bComité consultatif sur la fonction publique nommé par le Premier ministre. |
| 775 | 08|t... Report of the Prime Minister's Advisory Committee on the Public Service |w(CaOODSP)9.506909 |